zpět

Detail výsledku týmu

Café Hostel, České Budějovice

Datum a čas kvízu

40 Celkem bodů Celkový počet nahraných bodů na tomto kvízu bez doplňovacích otázek.
2. Pořadí na kvízu Konečné umístění týmu na tomto kvízu.

Zaznamenané odpovědi

# Otázka Odpověď Body Výsledky
1. Ve středu jmenoval prezident n... Právnická fakulta, Plzeň 1
2. Který renesanční zámek v Pardu... Litomyšl 1
3. V Karlových Varech byl v pátek... Iva Janžurová 0
4. Která automobilka ohlásila zám... Volvo 1
5. V pátek byl odstartován 109. r... Kodaň 0
6. Pod kterým pseudonymem je znám... Banksy 1
7. Který skotský herec propůjčil... Sean Connery 0
8. Jistý řád živočichů má ve svém... o krokodýlech 0
9. Tento český kardiochirurg patř... Jan Pirk 1
10. Výraz srdcovka má v českém jaz... B 1